Best Point Guards NBA 2022 - Statistics

General Stats
  • This quiz has been taken 36 times
  • The average score is 15 of 15
Answer Stats
Hint Answer % Correct
Suns Chris Paul
100%
Trailblazers Damian Lillard
100%
Grizzlies Ja Morant
100%
Bucks Jrue Holiday
100%
Hornets LaMelo Ball
100%
Mavericks Luka Doncic
100%
Thunder Shai Gilgeous-Alexander
100%
Warriors Stephen Curry
100%
Hawks Trae Young
100%
Caviliers Darius Garland
97%
Kings De'Aaron Fox
97%
Spurs Dejounte Murray
97%
Nuggets Jamal Murray
97%
Nets Kyrie Irving
97%
Nets Ben Simmons
71%
No matching quizzes found
Score Distribution
Percent of People with Each Score
Percentile by Number Answered
Your Score History
You have not taken this quiz